00597nam a2200181 a 450000100060000000300090000600800410001502000180005604000280007408200160010210000260011824501430014425000120028726000360029930000200033549000370035565000230039224863CO-ViMGA141112s2004 ck r 000 u spa d a9789701513897 aCO-ViMGAbspacCO-ViMGA04a025.04 G88i1 aGutiérrez, Fernando10aInternet como herramienta para la investigación : btodos los temas de su interés a la distancia de un click / cFernando Gutiérrez. a1a. ed. aMéxico : bAlfaomega, c2008. a161 p. ; 22 cm. aCiudadan@ de internet ; no. 138914aInternet - Guías